[Event "EIRCC 2019"]
[Site "Tallinn"]
[Date "2019.12.06"]
[Round "10.32"]
[White "Nestor, Kaarel"]
[Black "Frischmann, Rick"]
[Result "1/2-1/2"]
[WhiteElo "2154"]
[BlackElo "2355"]
[Annotator "NA"]
[PlyCount "142"]
[EventDate "2019.12.05"]
[EventType "swiss"]
[EventCountry "EST"]
[SourceTitle "playchess.com"]
[Source "ChessBase"]
[SourceQuality "1"]
[TimeControl "900+10"]

1. d4 {[%emt 0:00:00]} d5 {[%emt 0:00:00]} 2. Nf3 {[%emt 0:00:00]} Nc6 {[%emt 0:00:00]} 3. Bf4 {[%emt 0:00:07]} Bg4 {[%emt 0:00:00]} 4. e3 {[%emt 0:00:09]} e6 {[%emt 0:00:00]} 5. Be2 {[%emt 0:00:02]} Bd6 {[%emt 0:00:01]} 6. Bg3 {[%emt 0:00:02]} Nf6 {[%emt 0:00:02]} 7. Nbd2 {[%emt 0:00:09]} O-O {[%emt 0:00:06]} 8. O-O {[%emt 0:00:09]} Qe7 {[%emt 0:00:12]} 9. Ne5 {[%emt 0:01:06]} Bxe2 {[%emt 0:00:30]} 10. Nxc6 {[%emt 0:00:05]} Bxd1 {[%emt 0:00:21]} 11. Nxe7+ {[%emt 0:00:02]} Bxe7 {[%emt 0:00:03]} 12. Rfxd1 {[%emt 0:00:05]} c5 {[%emt 0:00:33]} 13. c3 {[%emt 0:00:09]} Rac8 {[%emt 0:02:11]} 14. Bh4 {[%emt 0:02:04]} h6 {[%emt 0:03:16]} 15. Rac1 {[%emt 0:00:57]} g5 {[%emt 0:00:30]} 16. Bg3 {[%emt 0:00:02]} Rfd8 {[%emt 0:00:09]} 17. Kf1 {[%emt 0:00:26]} b5 {[%emt 0:00:53]} 18. dxc5 {[%emt 0:00:34]} Bxc5 {[%emt 0:00:02]} 19. Nb3 {[%emt 0:00:01]} Bb6 {[%emt 0:00:11]} 20. Nd4 {[%emt 0:00:36]} a6 {[%emt 0:00:06]} 21. f3 {[%emt 0:00:10]} Nd7 {[%emt 0:00:11]} 22. Ke2 {[%emt 0:00:23]} Nc5 {[%emt 0:00:01]} 23. Rc2 {[%emt 0:00:19]} Na4 {[%emt 0:00:13]} 24. Rdc1 {[%emt 0:00:11]} Ba7 {[%emt 0:02:50]} 25. h4 {[%emt 0:00:20]} Kf8 {[%emt 0:00:23]} 26. Rh1 {[%emt 0:02:36]} Ke7 {[%emt 0:00:14]} 27. hxg5 {[%emt 0:00:01]} hxg5 {[%emt 0:00:01]} 28. Rh5 {[%emt 0:00:01]} b4 {[%emt 0:01:22]} 29. cxb4 {[%emt 0:00:46]} Bxd4 {[%emt 0:00:10]} 30. Rxc8 {[%emt 0:00:02]} Rxc8 {[%emt 0:00:04]} 31. exd4 {[%emt 0:00:01]} Rc2+ {[%emt 0:00:05]} 32. Kf1 {[%emt 0:00:05]} Rxb2 {[%emt 0:01:05]} 33. Rxg5 {[%emt 0:00:01]} Rxb4 {[%emt 0:00:03]} 34. Bh4 {[%emt 0:00:03]} Kd6 {[%emt 0:00:37]} 35. Rg7 {[%emt 0:00:18]} Rb7 {[%emt 0:00:30]} 36. Bf6 {[%emt 0:00:40]} Nc3 {[%emt 0:00:04]} 37. a3 {[%emt 0:00:04]} a5 {[%emt 0:00:19]} 38. Rg8 {[%emt 0:00:07]} Kc7 {[%emt 0:01:18]} 39. Ra8 {[%emt 0:00:09]} a4 {[%emt 0:00:18]} 40. Be7 {[%emt 0:00:39]} Rb3 {[%emt 0:00:42]} 41. Bc5 {[%emt 0:00:21]} Kc6 {[%emt 0:00:13]} 42. Rc8+ {[%emt 0:00:12]} Kb5 {[%emt 0:00:08]} 43. Rf8 {[%emt 0:00:16]} f5 {[%emt 0:00:11]} 44. Re8 {[%emt 0:00:03]} Kc4 {[%emt 0:00:16]} 45. Rxe6 {[%emt 0:00:06]} f4 {[%emt 0:00:15]} 46. g4 {[%emt 0:00:08]} fxg3 {[%emt 0:00:28]} 47. Kg2 {[%emt 0:00:01]} Nb5 {[%emt 0:01:16]} 48. Ra6 {[%emt 0:00:13]} Nxd4 {[%emt 0:00:12]} 49. Bxd4 {[%emt 0:00:01]} Kxd4 {[%emt 0:00:01]} 50. Rxa4+ {[%emt 0:00:02]} Kc3 {[%emt 0:00:17]} 51. Kxg3 {[%emt 0:00:04]} d4 {[%emt 0:00:01]} 52. Ra8 {[%emt 0:00:05]} d3 {[%emt 0:00:05]} 53. Kf2 {[%emt 0:00:06]} Kc2 {[%emt 0:00:28]} 54. Rc8+ {[%emt 0:00:24]} Rc3 {[%emt 0:00:04]} 55. Rd8 {[%emt 0:00:01]} Rxa3 {[%emt 0:00:19]} 56. f4 {[%emt 0:00:02]} Rb3 {[%emt 0:00:14]} 57. Rd6 {[%emt 0:00:23]} Kc1 {[%emt 0:00:10]} 58. Rc6+ {[%emt 0:00:06]} Kd1 {[%emt 0:00:06]} 59. Rd6 {[%emt 0:00:01]} d2 {[%emt 0:00:03]} 60. f5 {[%emt 0:00:07]} Rb5 {[%emt 0:00:09]} 61. f6 {[%emt 0:00:14]} Rc5 {[%emt 0:00:20]} 62. Ke3 {[%emt 0:00:30]} Re5+ {[%emt 0:00:13]} 63. Kf4 {[%emt 0:00:17]} Re1 {[%emt 0:00:01]} 64. Kg5 {[%emt 0:00:04]} Ke2 {[%emt 0:00:17]} 65. f7 {[%emt 0:00:02]} Rg1+ {[%emt 0:00:02]} 66. Kh6 {[%emt 0:00:10]} Rf1 {[%emt 0:00:02]} 67. Re6+ {[%emt 0:00:03]} Kd3 {[%emt 0:00:04]} 68. Rd6+ {[%emt 0:00:05]} Kc2 {[%emt 0:00:01]} 69. Rc6+ {[%emt 0:00:02]} Kb2 {[%emt 0:00:02]} 70. Rb6+ {[%emt 0:00:03]} Kc2 {[%emt 0:00:01]} 71. Rc6+ {[%emt 0:00:03]} Kb2 {[%emt 0:00:03]} 1/2-1/2

[Event "EIRCC 2019"]
[Site "Tallinn"]
[Date "2019.12.06"]
[Round "10.33"]
[White "Askerov, Marat"]
[Black "Krutti, Valer"]
[Result "0-1"]
[WhiteElo "2335"]
[BlackElo "2295"]
[Annotator "NA"]
[PlyCount "54"]
[EventDate "2019.12.05"]
[EventType "swiss"]
[EventCountry "EST"]
[SourceTitle "playchess.com"]
[Source "ChessBase"]
[SourceQuality "1"]
[TimeControl "900+10"]

1. d4 {[%emt 0:00:00]} Nf6 {[%emt 0:00:00]} 2. c4 {[%emt 0:00:00]} c6 {[%emt 0:00:00]} 3. Nc3 {[%emt 0:00:01]} d5 {[%emt 0:00:00]} 4. cxd5 {[%emt 0:00:02]} cxd5 {[%emt 0:00:00]} 5. Bf4 {[%emt 0:00:01]} Nc6 {[%emt 0:00:00]} 6. e3 {[%emt 0:00:03]} a6 {[%emt 0:00:01]} 7. Rc1 {[%emt 0:00:13]} Bf5 {[%emt 0:00:03]} 8. Nf3 {[%emt 0:01:10]} Rc8 {[%emt 0:00:08]} 9. Be2 {[%emt 0:00:18]} e6 {[%emt 0:00:02]} 10. O-O {[%emt 0:01:21]} Bd6 {[%emt 0:00:01]} 11. Bxd6 {[%emt 0:01:08]} Qxd6 {[%emt 0:00:02]} 12. Na4 {[%emt 0:00:01]} O-O {[%emt 0:00:16]} 13. Nc5 {[%emt 0:00:06]} Rc7 {[%emt 0:00:02]} 14. Qb3 {[%emt 0:00:31]} Rb8 {[%emt 0:00:02]} 15. Qb6 {[%emt 0:03:57]} Bg4 {[%emt 0:01:30]} 16. Rc2 {[%emt 0:01:08]} Bxf3 {[%emt 0:00:12]} 17. Bxf3 {[%emt 0:00:02]} Nd7 {[%emt 0:00:57]} 18. Nxd7 {[%emt 0:00:30]} Qxd7 {[%emt 0:00:03]} 19. Rfc1 {[%emt 0:00:07]} Rcc8 {[%emt 0:00:17]} 20. Be2 {[%emt 0:01:09]} g6 {[%emt 0:00:17]} 21. g3 {[%emt 0:00:37]} Ne7 {[%emt 0:02:44]} 22. Rc7 {[%emt 0:00:04]} Rxc7 {[%emt 0:00:03]} 23. Rxc7 {[%emt 0:01:14]} Qd8 {[%emt 0:00:02]} 24. a4 {[%emt 0:00:40]} Nc8 {[%emt 0:00:15]} 25. Qc5 {[%emt 0:00:06]} Nd6 {[%emt 0:00:04]} 26. Qa5 {[%emt 0:03:59]} Ne8 {[%emt 0:00:41]} 27. Rc5 {[%emt 0:00:49]} b6 {[%emt 0:00:03]} 0-1

[Event "EIRCC 2019"]
[Site "Tallinn"]
[Date "2019.12.06"]
[Round "10.34"]
[White "Opryshko, Stanislav"]
[Black "Timerkhanov, Alexander"]
[Result "1/2-1/2"]
[WhiteElo "2208"]
[BlackElo "2388"]
[Annotator "TA"]
[PlyCount "122"]
[EventDate "2019.12.05"]
[EventType "swiss"]
[EventCountry "EST"]
[SourceTitle "playchess.com"]
[Source "ChessBase"]
[SourceQuality "1"]

{[%evp 17,122,0,6,7,18,8,12,3,14,0,11,12,21,-23,-19,-65,-45,-60,-63,-87,-98,-85,-87,-74,-64,-66,-8,-55,-14,-20,-12,-12,-3,-12,0,0,0,0,0,-10,9,0,0,-11,0,10,15,0,0,0,30,20,31,19,29,-18,-24,-28,-22,-33,-37,-57,-66,-83,-75,-129,-158,-170,0,-168,-168,-215,-200,-709,-700,-690,-536,-783,-449,-278,0,0,0,0,0,0,0,0,0,0,0,0,0,0,0,0,0,0,0,0,0,0,0,0,0,0,0]} 1. d4 d5 2. Nf3 Nf6 3. c4 c6 4. Nc3 dxc4 5. a4 Bf5 6. e3 e6 7. Bxc4 Bb4 8. O-O O-O 9. h3 h6 10. Qe2 {D18: Slav Defence: 5 a4 Bf5 6 e3} Bh7 11. Rd1 Nbd7 12. Bd2 (12. Bd3 Qe7 13. e4 e5 14. dxe5 Nxe5 15. Nxe5 Qxe5 16. f4 Qa5 17. e5 Bxc3 18. bxc3 Qxc3 {½-½ (41) Grischuk,A (2726)-Motylev,A (2648) Biel 2007}) 12... Qe7 13. a5 a6 $146 ({Predecessor:} 13... Rfd8 14. Be1 Rac8 15. Bd3 Bxd3 16. Qxd3 e5 17. Qc4 exd4 18. Nxd4 {1-0 (34) Ben Menachem,I (2315)-Gelle,I (2235) Budapest 1993}) 14. Na4 Bd6 15. Nc3 e5 16. dxe5 Nxe5 17. Be1 Rad8 18. Rd4 c5 19. Rdd1 Nxc4 20. Qxc4 Bf5 21. Qh4 Bc7 (21... Rfe8 $15) 22. Ne2 Qe4 {Threatens to win with ...Rxd1.} 23. Ng3 Qxh4 24. Nxh4 Be6 25. Nhf5 Be5 26. Bc3 Bxc3 27. bxc3 Nd5 28. Rdc1 Kh7 29. Rab1 Rd7 30. Nh4 Nf6 31. Nf3 Rfd8 32. Ne5 Rc7 33. e4 g5 34. Rb2 c4 35. Nf3 Nd7 36. Nd4 Nc5 37. Rb6 Nb3 38. Nxe6 fxe6 39. Rf1 Re7 40. f4 Rd3 $36 {[%mdl 2048] Black is on the roll.} 41. Kh2 ({White should try} 41. Rf3 Nd2 42. Rxd3 cxd3 43. Rd6) 41... Nd2 $1 $17 {[%cal Rd2f1]} ({Don't play} 41... Nxa5 $6 42. f5 $11) 42. Rf2 {[#]} Rxg3 $2 ({Black should play} 42... gxf4 $1 $19 43. Rxf4 Rxc3) 43. Rxd2 $2 (43. Kxg3 $11 {and White is okay.} Nxe4+ {[%mdl 64] Double Attack} 44. Kf3 Nxf2 45. Kxf2) 43... gxf4 $19 {[%mdl 4096] Endgame KRR-KRR} 44. e5 Rxc3 45. Rdd6 $2 (45. Rd4) 45... Rc2 46. Rxe6 Rg7 47. Rxh6+ Kg8 48. Rhg6 {[#]} f3 $2 (48... c3 $1 $19 {White must now prevent ...f3.} 49. Rxg7+ Kxg7 50. Rxb7+ Kg6) 49. Rxg7+ $11 {The position is equal.} Kxg7 50. Rxb7+ {KR-KR} Kg6 51. Rb6+ $1 Kg5 52. Kg3 fxg2 53. Kh2 c3 54. Rc6 Kf4 55. e6 {[#]} g1=Q+ $1 {[%mdl 512]} 56. Kxg1 Kg3 {[%cal Rc2c1]} 57. Kf1 {Strongly threatening e7.} Kf3 {[%cal Rc2c1]} 58. Kg1 Rc1+ (58... Kg3 $5 59. Kf1 $8 Kf3 $11) 59. Kh2 Rc2+ 60. Kg1 Kg3 {[%cal Rc2c1]} 61. Kf1 {And now e7 would win.} Kf3 {Accuracy: White = 46%, Black = 51%.} 1/2-1/2

[Event "EIRCC 2019"]
[Site "Tallinn"]
[Date "2019.12.06"]
[Round "10.35"]
[White "Shishkov, Andrei"]
[Black "Chibukhchyan, Erik"]
[Result "0-1"]
[WhiteElo "2390"]
[BlackElo "2233"]
[Annotator "TA"]
[PlyCount "90"]
[EventDate "2019.12.05"]
[EventType "swiss"]
[EventCountry "EST"]
[SourceTitle "playchess.com"]
[Source "ChessBase"]
[SourceQuality "1"]

{[%evp 17,112,25,28,18,24,18,18,18,12,10,15,27,10,18,43,35,28,36,92,82,104,105,103,95,108,87,107,66,147,140,141,135,148,145,133,134,180,92,101,92,179,181,180,152,169,180,355,342,343,308,256,120,300,298,291,245,349,318,451,117,518,524,511,400,366,178,621,637,626,629,647,641,630,618,809,595,734,715,705,662,769,605,603,566,577,392,364,347,557,550,603,600,1345,-5485,-5418,-5265,-5206]} 1. d4 Nf6 2. c4 Nc6 3. Nf3 e6 4. Nc3 Bb4 5. Qc2 d6 6. Bd2 O-O 7. a3 Bxc3 8. Bxc3 Qe7 9. e3 a5 10. b3 {E33: Nimzo-Indian: Classical: 4...Nc6} (10. Be2 e5 11. dxe5 dxe5 12. h3 Rd8 13. O-O e4 14. Nd4 Nxd4 15. Bxd4 c5 16. Bc3 a4 17. f4 Bd7 {1-0 (41) Wojtaszek,R (2736)-Nisipeanu,L (2683) Dortmund 2017}) 10... e5 11. dxe5 dxe5 12. Be2 {The position is equal.} Re8 13. O-O Bg4 14. h3 Bh5 15. Rfd1 Bg6 16. Qb2 Ne4 17. Be1 {[#]} Red8 $146 (17... Nc5 $14) ({Predecessor:} 17... Nd6 18. Bc3 {½-½ (20) Malakhatko,V (2511)-Tregubov,P (2589) Bastia 2017}) 18. b4 Rxd1 19. Rxd1 axb4 20. axb4 f6 21. c5 Bf7 22. Ra1 (22. Qc2 {is more complex.} f5 23. b5 Nd8 24. Bb4 c6 25. Qb2) 22... Qd8 ({Better is} 22... Rxa1 $14 23. Qxa1 Bd5) 23. Rxa8 $16 Qxa8 24. Bd3 $1 {[%cal Rd3e4]} Bd5 25. Qc2 f5 26. Bc4 Qd8 27. b5 (27. Qa2 $1 $18 Nf6 28. Bxd5+ Nxd5 29. b5) 27... Ne7 28. Nxe5 {Threatens to win with f3.} c6 (28... Bxc4 $16 {was called for.} 29. Qxc4+ Qd5) 29. Bb4 $18 Qa8 30. Nd3 Qa1+ 31. Kh2 Qf1 $2 (31... h5 32. f3 Ng5 33. bxc6 bxc6) 32. f3 Nf6 33. bxc6 bxc6 34. Ne5 (34. Be1 $18) 34... Qa1 $2 (34... Bxc4 $16 35. Nxc4 (35. Qxc4+ Qxc4 36. Nxc4 Ned5 $16) 35... Nfd5) 35. Bc3 Qa8 36. Bd4 {Strongly threatening e4.} Qb8 (36... h6 $142 37. Bd3 Be6) 37. Kg1 Qb4 (37... Qe8 $142 38. Bxd5+ Nfxd5) 38. Qb2 $2 $40 {[%mdl 128] White is out for blood.} (38. Bxd5+ $18 {and White stays clearly on top.} cxd5 39. c6) 38... Qe1+ $2 {[%mdl 8192]} (38... Qxb2 $16 {is tougher.} 39. Bxb2 Bxc4) 39. Kh2 {White wants to mate with Qb8+.} h6 40. Qb8+ Kh7 41. Qc7 (41. Bd3 $142 Qh4 42. Qf8) 41... Nh5 $2 (41... Bxc4 42. Nxc4 Qh4) 42. Nd3 $1 {[%cal Rd3e1]} (42. Qxe7 Bxc4 43. Nxc4 Qg3+ 44. Kh1 Qe1+ 45. Kh2 Qg3+ 46. Kh1 Qe1+ 47. Kh2 $11) 42... Qh4 {[#]} 43. Bxd5 $1 {[%mdl 64] Overworked Piece} Nxd5 44. Qxc6 Qg3+ 45. Kg1 Ne7 {Played: Nd5-b4} 0-1

[Event "EIRCC 2019"]
[Site "Tallinn"]
[Date "2019.12.06"]
[Round "10.36"]
[White "Peterson, Emery"]
[Black "Ahvenjarvi, Jani"]
[Result "1-0"]
[WhiteElo "2158"]
[BlackElo "2352"]
[Annotator "NA"]
[PlyCount "89"]
[EventDate "2019.12.05"]
[EventType "swiss"]
[EventCountry "EST"]
[SourceTitle "playchess.com"]
[Source "ChessBase"]
[SourceQuality "1"]
[TimeControl "900+10"]

1. d4 {[%emt 0:00:00]} Nf6 {[%emt 0:00:00]} 2. Nc3 {[%emt 0:00:00]} d5 {[%emt 0:00:00]} 3. e4 {[%emt 0:00:00]} e6 {[%emt 0:00:00]} 4. Be3 {[%emt 0:00:05]} Bb4 {[%emt 0:00:12]} 5. f3 {[%emt 0:00:50]} c5 {[%emt 0:00:33]} 6. a3 {[%emt 0:00:16]} Bxc3+ {[%emt 0:00:25]} 7. bxc3 {[%emt 0:00:02]} Qa5 {[%emt 0:00:21]} 8. e5 {[%emt 0:00:36]} cxd4 {[%emt 0:00:58]} 9. Bxd4 {[%emt 0:00:19]} Nfd7 {[%emt 0:00:05]} 10. f4 {[%emt 0:00:03]} Nc6 {[%emt 0:00:07]} 11. Qd2 {[%emt 0:00:05]} b6 {[%emt 0:00:44]} 12. Nf3 {[%emt 0:00:07]} Ba6 {[%emt 0:00:10]} 13. Bxa6 {[%emt 0:01:41]} Qxa6 {[%emt 0:00:07]} 14. Qd3 {[%emt 0:00:07]} Qxd3 {[%emt 0:04:18]} 15. cxd3 {[%emt 0:00:02]} Ke7 {[%emt 0:00:42]} 16. Kd2 {[%emt 0:00:22]} Rac8 {[%emt 0:00:36]} 17. Bf2 {[%emt 0:01:05]} f6 {[%emt 0:00:14]} 18. exf6+ {[%emt 0:00:36]} gxf6 {[%emt 0:00:10]} 19. Rhe1 {[%emt 0:00:03]} Rhg8 {[%emt 0:00:12]} 20. g3 {[%emt 0:00:02]} Kf7 {[%emt 0:00:14]} 21. Nd4 {[%emt 0:00:23]} Nc5 {[%emt 0:01:44]} 22. Rab1 {[%emt 0:00:32]} Rge8 {[%emt 0:01:24]} 23. Nb5 {[%emt 0:01:59]} Red8 {[%emt 0:00:19]} 24. Bxc5 {[%emt 0:00:41]} bxc5 {[%emt 0:00:04]} 25. Nxa7 {[%emt 0:00:08]} Rc7 {[%emt 0:00:09]} 26. Nxc6 {[%emt 0:01:23]} Rxc6 {[%emt 0:00:00]} 27. Rb7+ {[%emt 0:00:02]} Kg6 {[%emt 0:00:02]} 28. g4 {[%emt 0:00:02]} Ra8 {[%emt 0:00:11]} 29. Rxe6 {[%emt 0:00:39]} Rxe6 {[%emt 0:00:06]} 30. f5+ {[%emt 0:00:01]} Kg5 {[%emt 0:00:02]} 31. fxe6 {[%emt 0:00:07]} Kxg4 {[%emt 0:00:13]} 32. e7 {[%emt 0:01:53]} f5 {[%emt 0:00:41]} 33. Rd7 {[%emt 0:00:14]} Re8 {[%emt 0:00:01]} 34. a4 {[%emt 0:00:01]} Kf3 {[%emt 0:00:36]} 35. Rxd5 {[%emt 0:00:13]} f4 {[%emt 0:00:01]} 36. Re5 {[%emt 0:00:23]} Kg2 {[%emt 0:00:02]} 37. Ke1 {[%emt 0:00:31]} f3 {[%emt 0:00:05]} 38. Rg5+ {[%emt 0:00:07]} Kxh2 {[%emt 0:00:05]} 39. Kf2 {[%emt 0:00:04]} Kh3 {[%emt 0:00:07]} 40. Rg7 {[%emt 0:00:03]} h5 {[%emt 0:00:04]} 41. d4 {[%emt 0:00:14]} cxd4 {[%emt 0:00:01]} 42. cxd4 {[%emt 0:00:00]} h4 {[%emt 0:00:06]} 43. d5 {[%emt 0:00:06]} Kh2 {[%emt 0:00:03]} 44. d6 {[%emt 0:00:03]} h3 {[%emt 0:00:05]} 45. d7 {[%emt 0:00:29]} 1-0

[Event "EIRCC 2019"]
[Site "Tallinn"]
[Date "2019.12.06"]
[Round "11.1"]
[White "Mamedov, Rauf"]
[Black "Kulaots, Kaido"]
[Result "1/2-1/2"]
[WhiteElo "2679"]
[BlackElo "2544"]
[Annotator "TA"]
[PlyCount "55"]
[EventDate "2019.12.05"]
[EventType "swiss"]
[EventCountry "EST"]
[SourceTitle "playchess.com"]
[Source "ChessBase"]
[SourceQuality "1"]

{[%evp 12,55,17,6,18,4,15,11,11,6,13,4,16,6,8,6,18,6,17,17,12,30,20,0,0,0,0,0,60,12,39,6,14,-8,-14,0,-13,-8,-14,-14,0,-24,-16,-33,-4,0]} 1. e4 c5 2. c3 d5 3. exd5 Qxd5 4. d4 Nf6 5. Nf3 e6 6. Na3 Nc6 7. Be3 {Black should prevent Nb5.} cxd4 {B22: Sicilian: 2 c3} 8. Nb5 $1 {[%cal Rb5c7] [#] Threatens to win with Nc7+.} Qd8 9. Nbxd4 Nd5 10. Bg5 (10. Bd3 Nxe3 11. fxe3 Bd7 12. Qc2 g6 13. O-O-O Bg7 14. Kb1 O-O 15. h4 {½-½ (23) Zhigalko,S (2604)-Alekseev,E (2639) St Petersburg 2018}) 10... f6 11. Nxc6 bxc6 12. Bd2 e5 13. Qc2 Qb6 14. Bd3 Ba6 15. Bxa6 $146 ({Predecessor:} 15. O-O Bxd3 16. Qxd3 {½-½ (43) Sebag,M (2492)-Ovod,E (2366) Stary Smokovec 2018}) 15... Qxa6 16. c4 Nc7 17. O-O Be7 18. Nh4 O-O 19. Nf5 Rf7 ({Better is} 19... Rfe8 $11) 20. b4 Ne6 21. a4 Bf8 22. Qe4 Rd8 23. b5 Qc8 24. Ba5 Re8 25. Rad1 cxb5 26. cxb5 Nc5 27. Qc2 Nxa4 (27... Nb7 $5 {[%cal Rc8c2]} 28. Qxc8 Rxc8 $11) 28. Nh6+ $1 {Accuracy: White = 61%, Black = 80%.} 1/2-1/2

[Event "EIRCC 2019"]
[Site "Tallinn"]
[Date "2019.12.06"]
[Round "11.2"]
[White "Nguyen, Thai Dai Van"]
[Black "Sargissian, Gabriel"]
[Result "1/2-1/2"]
[WhiteElo "2364"]
[BlackElo "2715"]
[Annotator "TA"]
[PlyCount "74"]
[EventDate "2019.12.05"]
[EventType "swiss"]
[EventCountry "EST"]
[SourceTitle "playchess.com"]
[Source "ChessBase"]
[SourceQuality "1"]

{[%evp 10,74,20,5,31,22,49,47,43,30,23,27,65,54,56,65,64,58,62,48,52,46,58,62,81,81,71,65,69,62,81,81,81,81,81,81,81,81,81,81,81,81,81,81,81,81,81,81,98,98,98,98,99,99,105,105,105,105,105,105,106,106,123,123,123,123,123]} 1. d4 Nf6 2. c4 e6 3. Nc3 Bb4 4. Qc2 d6 5. Nf3 Nbd7 6. Bd2 b6 {E32: Nimzo-Indian: Classical (4 Qc2): 4...0-0} 7. e4 Bb7 8. Bd3 e5 {White is slightly better.} 9. a3 Bxc3 10. Bxc3 {[%cal Rd4e5]} Qe7 {next ...Nxe4! is good for Black.} 11. O-O $1 O-O 12. Rfe1 a5 $146 ({Predecessor:} 12... Nh5 13. b4 Nf4 14. Bf1 {0-1 (39) Martinovic,S (2555)-Kurajica,B (2522) Bjelovar 2019}) 13. b4 axb4 14. axb4 Rxa1 15. Bxa1 Ra8 16. d5 c5 17. b5 Nf8 18. Bc3 Ng6 19. Ra1 Qd8 20. Rxa8 {White is better.} Qxa8 21. g3 h6 22. Ne1 Bc8 23. f3 Nh7 24. h4 Bd7 25. Ng2 Nf6 26. Ne3 Nh5 27. Kh2 Nf6 28. Qb2 (28. Nf5 {with more complications.} Qb8 29. Be2 Nh5 30. Kg2 Qd8 31. Be1) 28... Qa4 29. Qa1 Qxa1 30. Bxa1 Kf8 31. Bc3 Ke8 32. Nf5 Bxf5 33. exf5 Ne7 34. g4 Nd7 35. Kg3 f6 36. Be4 Kf8 37. Bd2 Ng8 {Accuracy: White = 85%, Black = 61%.} 1/2-1/2

[Event "EIRCC 2019"]
[Site "Tallinn"]
[Date "2019.12.06"]
[Round "11.3"]
[White "Motylev, Alexander"]
[Black "Esipenko, Andrey"]
[Result "1/2-1/2"]
[WhiteElo "2703"]
[BlackElo "2590"]
[Annotator "TA"]
[PlyCount "47"]
[EventDate "2019.12.05"]
[EventType "swiss"]
[EventCountry "EST"]
[SourceTitle "playchess.com"]
[Source "ChessBase"]
[SourceQuality "1"]

{[%evp 12,47,43,47,62,36,29,26,37,27,42,9,9,0,9,14,42,10,10,-16,25,25,89,72,91,95,70,93,102,64,63,63,74,66,92,80,106,109]} 1. e4 e5 2. Nf3 Nc6 3. Bb5 a6 4. Ba4 Nf6 5. O-O b5 6. Bb3 Bc5 7. a4 Rb8 {[#] C78: Ruy Lopez: Archangelsk and Möller Defences} ({But not} 7... Nxe4 $2 8. axb5 Ne7 9. Nxe5 $18) 8. Nxe5 $1 {[%mdl 512]} Nxe5 9. d4 {[#]} Bxd4 $1 {[%mdl 512] White has an edge.} 10. Qxd4 d6 11. Nc3 $146 ({Predecessor:} 11. f3 O-O 12. Bf4 c5 13. Qd2 c4 14. Ba2 Be6 15. axb5 axb5 {1-0 (61) Wang,H (2711)-Sunilduth Lyna,N (2574) Abu Dhabi 2018}) 11... c5 12. Qe3 c4 13. Ba2 $1 O-O 14. f3 Re8 15. Rd1 h6 16. Qd4 Re6 (16... b4 $11 {keeps the balance.} 17. Ne2 b3) 17. Bf4 $36 {[%mdl 2048] Bxe5 is the strong threat. White is on the roll.} Qc7 18. axb5 axb5 19. Bb1 Bd7 20. Ra7 Qc8 21. Qf2 Nc6 22. Ra1 Ne5 23. Ne2 Ra8 24. Rxa8 {Accuracy: White = 57%, Black = 47%.} 1/2-1/2

[Event "EIRCC 2019"]
[Site "Tallinn"]
[Date "2019.12.06"]
[Round "11.4"]
[White "Saric, Ante"]
[Black "Turov, Maxim"]
[Result "1/2-1/2"]
[WhiteElo "2538"]
[BlackElo "2647"]
[Annotator "TA"]
[PlyCount "25"]
[EventDate "2019.12.05"]
[EventType "swiss"]
[EventCountry "EST"]
[SourceTitle "playchess.com"]
[Source "ChessBase"]
[SourceQuality "1"]

{[%evp 9,25,10,11,5,6,7,12,10,31,23,59,8,6,0,17,-16,-26,-19]} 1. Nf3 Nf6 2. c4 e6 3. g3 a6 4. e3 c5 5. b3 Be7 6. Bb2 {A13: English Opening: 1...e6} O-O 7. Nc3 d5 8. cxd5 $146 {The position is equal.} ({Predecessor:} 8. Bg2 Nc6 9. d4 dxc4 10. bxc4 Na5 11. Qd3 cxd4 12. exd4 {0-1 (57) Gordon,S (2497)-Nikolic,P (2605) Germany 2015}) 8... exd5 9. Bg2 d4 10. exd4 (10. Ne2 $1 $14) 10... cxd4 $11 11. Ne2 d3 $1 {[%cal Rd3e2]} 12. Nc3 Nc6 13. O-O 1/2-1/2

[Event "EIRCC 2019"]
[Site "Tallinn"]
[Date "2019.12.06"]
[Round "11.5"]
[White "Yuffa, Daniil"]
[Black "Lysyj, Igor"]
[Result "1/2-1/2"]
[WhiteElo "2587"]
[BlackElo "2599"]
[Annotator "ChessBase"]
[PlyCount "43"]
[EventDate "2019.12.05"]
[EventType "swiss"]
[EventCountry "EST"]
[SourceTitle "playchess.com"]
[Source "ChessBase"]
[SourceQuality "1"]
[TimeControl "900+10"]

1. d4 {[%emt 0:00:00]} Nf6 {[%emt 0:00:00]} 2. c4 {[%emt 0:00:00]} e6 {[%emt 0:00:00]} 3. g3 {[%emt 0:00:00]} d5 {[%emt 0:00:00]} 4. Bg2 {[%emt 0:00:00]} Be7 {[%emt 0:00:00]} 5. Nf3 {[%emt 0:00:00]} O-O {[%emt 0:00:00]} 6. O-O {[%emt 0:00:02]} Nbd7 {[%emt 0:00:00]} 7. Qc2 {[%emt 0:01:12]} c6 {[%emt 0:00:00]} 8. Nbd2 {[%emt 0:00:02]} b6 {[%emt 0:00:00]} 9. e4 {[%emt 0:00:01]} dxc4 {[%emt 0:00:02]} 10. Nxc4 {[%emt 0:00:14]} Bb7 {[%emt 0:00:01]} 11. Re1 {[%emt 0:00:45]} c5 {[%emt 0:00:08]} 12. Bf4 {[%emt 0:00:02]} cxd4 {[%emt 0:00:09]} 13. Nd6 {[%emt 0:00:24]} Bxd6 {[%emt 0:00:11]} 14. Bxd6 {[%emt 0:00:01]} d3 {[%emt 0:00:01]} 15. Qb3 {[%emt 0:02:11]} Re8 {[%emt 0:00:40]} 16. e5 {[%emt 0:01:01]} Ne4 {[%emt 0:00:19]} 17. Qxd3 {[%emt 0:01:29]} Nxe5 {[%emt 0:06:24]} 18. Nxe5 {[%emt 0:00:02]} Nxd6 {[%emt 0:00:02]} 19. Nc6 {[%emt 0:00:01]} Qd7 {[%emt 0:01:52]} 20. Ne5 {[%emt 0:00:49]} Qe7 {[%emt 0:00:10]} 21. Nc6 {[%emt 0:00:01]} Qd7 {[%emt 0:00:01]} 22. Ne5 {[%emt 0:00:45]} 1/2-1/2